000
00317nam a22001457a 4500
003
SGT
020
_a
978-1-4129-2468-9
082
_a
614, G10G
100
_a
GASTIL, JOHN
245
_a
THE GROUP IN SOCIETY
260
_a
LOS ANGELS
_b
SAGE PUB.
_c
2010
300
_a
309
650
_a
PUBLIC HEALTH
942
_2
ddc
_c
BK
999
_c
8380
_d
8380